01059nam a2200241Ia 4500001000600000003000900006008004100015040001300056040001300069041001300082100001900095100002900114245005000143245005000193250001100243260002100254260001200275260004900287300005700336500036500393650002800758650003100786C0154IT-RoPAU130308s9999 xx 000 0 und d aIT-RoPAU cIT-RoPAU aITALIANO aFarinotti Pino gCodice Aut. SPICS: 20519 aDizionario dei film: aggiornamento 1990-91-92 bDizionario dei Film: Aggiornamento 1990-91-92 a1a ed. aCARNAGO (VARESE) bSugarco c1993 [1° Ed.:1993 - Ed.Ling.Originale:1993] a"184 p. (prefazione: no ; testo: 184 [pagine: 0-0])" aCon la collaborazione di Tiziano Sossi. Aggiornamento che Riporta tutti I titoli Distribuiti dal 1990 al Febbraio 1993: Circa 2200. Le Schede dell'Aggiornamento Sono Ancora Piu' Complete Sia Sul piano della Trama che del Commento. Vengono Sempre Riportati I vari premi (Oscar, Cannes, Berlino, Venezia). indice dei titoli Stranieri. con un Saggio Introduttivo. aENCICLOPEDIE DEL CINEMA eCodice materia Spics: 6801